عرض عادي عرض مارك
  • Willig, Andreas,

مدخل إسم شخص

عدد التسجيلات المستخدمة في: 1

001 - رقم الضبط

  • حقل الضبط: 39511

003 - معرف رقم الضبط

  • حقل الضبط: OSt

005 - تاريخ ووقت أخر عملية

  • حقل الضبط: 20131112184328.0

008 - عناصر بيانات ثابتة الطول

  • حقل تحكم ثابت الطول: 131112|||a|||||| | ||| d

040 ## - مصدر الفهرسة

  • هيئة الفهرسة الأصلية: OSt
  • وكالة الكتابة: OSt

100 ## - مدخل -- أسم شخص

  • إسم شخص: Willig, Andreas,
  • تواريخ مرتبطة بالاسم: 1968-

670 ## - بيانات المصدر موجوده

  • الاستشهاد بالمصدر: Work cat.: (OSt)0: Karl, Holger, 1970- 39510, Protocols and architectures for wireless sensor networks /, 2007.